Normal view
MARC view
Entry Personal Name
001 - CONTROL NUMBER
- control field: 15680
003 - CONTROL NUMBER IDENTIFIER
- control field: OSt
005 - DATE AND TIME OF LATEST TRANSACTION
- control field: 20250325030310.0
008 - FIXED-LENGTH DATA ELEMENTS
- fixed length control field: 250325|| aca||aabn | a|a d
040 ## - CATALOGING SOURCE
- Original cataloging agency: OSt
- Transcribing agency: OSt
100 ## - HEADING--PERSONAL NAME
- Personal name: Masbate, Mindy P., author
670 ## - SOURCE DATA FOUND
- Source citation: Work cat.: (OSt): Dela Cruz, Hilda R., author. 15679, Skills and work attitudes as perceived by the B.S.I.T graduates major in electronics s.y. 1996-1997 to 2000-2001, 2003
